000 00450nam a2200169 a 4500
005 20140412111250.0
008 010326s19uu xx 00 eng d
020 _a0-590-46420-5
050 _aTR(PS E
_bBr78 1993
100 _aSenisi, Ellen
245 _aBrothers & sisters /
_cby Ellen B. Senisi.
260 _aNew York :
_bScholastic Inc,
_c1993.
300 _a1 v. (unp.) ; ill.
650 _aSiblings
650 _aFamilies
999 _c103136
_d103136